00323nam a2200121Ia 4500008004100000041000800041082001700049100001700066245004500083260003100128300003300159365000900192240624s9999 xx 000 0 und d aeng a333.9516 HIL aHILTY JODI A aCLIMATE AND CONSERVATION LANDSCAPE AND S c2012aLondonbIsland Press axviii, : 373 : p. : cm. ; 25 cb38